000 00859nam a2200253Ia 4500
003 GCL
008 140319s9999 xx 000 0 ara d
020 _a996040773
040 _aGCL /
_cGCL
082 0 4 _a004.678
_bب ك
100 1 _aبيكر، كيم
245 1 0 _aكيف تتحدث على شبكة الانترنت /
_cبيكر، كيم
700 1 _aبيكر، سانى
700 1 _aامانى الدجانى
250 _aالاولى
260 _aالرياض :
_bمكتبة العبيكان ،
_c2005
300 _a291 ص ؛
_c24 سم
650 0 4 _aالاتصالات الالكترونية
650 0 4 _aالحاسبات الالكترونية - برامج
650 0 4 _aالإنترنت
650 0 4 _aنقل المعلومات
650 0 4 _aالاتصال عبر شبكات الحاسبات الالكترونية
942 _2ddc
_cBK
999 _c7924
_d7924